La construcción de los Saltos del Sil, 1945-1965 / (Record no. 179720)

MARC details
000 -LEADER
campo de control de longitud fija 01372nam a2200325 i 4500
001 - NÚMERO DE CONTROL
campo de control 179720
003 - IDENTIFICADOR DE NÚMERO DE CONTROL
campo de control ES-MaACL
005 - FECHA Y HORA DE LA ÚLTIMA TRANSACCIÓN
campo de control 20250903005028.0
008 - DATOS DE LONGITUD FIJA--INFORMACIÓN GENERAL
campo de control de longitud fija 120112s2010 sp abdo |||| | spa d
020 ## - NÚMERO INTERNACIONAL ESTÁNDAR DEL LIBRO
Número Internacional Estándar del Libro 978-84-380-0439-5 (CICCP)
020 ## - NÚMERO INTERNACIONAL ESTÁNDAR DEL LIBRO
Número Internacional Estándar del Libro 978-84-92554-15-7 (Diputación Provincial de Ourense)
080 ## - NÚMERO DE LA CLASIFICACIÓN DECIMAL UNIVERSAL
Número de la Clasificación Decimal Universal 621.31:061.26(460.27 M.)(091)
080 ## - NÚMERO DE LA CLASIFICACIÓN DECIMAL UNIVERSAL
Número de la Clasificación Decimal Universal 626/627(282.246.25)(091)
100 1# - ENTRADA PRINCIPAL--NOMBRE DE PERSONA
Nombre de persona Chávarri Pérez, Susana.
9 (RLIN) 149035
245 13 - MENCIÓN DEL TÍTULO
Título La construcción de los Saltos del Sil, 1945-1965 /
Mención de responsabilidad, etc. Susana Chávarri Pérez.
250 ## - MENCION DE EDICION
Mención de edición 1ª ed.
260 ## - PUBLICACIÓN, DISTRIBUCIÓN, ETC.
Lugar de publicación, distribución, etc. [Orense] :
Nombre del editor, distribuidor, etc. Diputación Provincial de Ourense ;
Lugar de publicación, distribución, etc. Madrid :
Nombre del editor, distribuidor, etc. Colegio de Ingenieros de Caminos, Canales y Puertos,
Fecha de publicación, distribución, etc. 2010.
300 ## - DESCRIPCIÓN FÍSICA
Extensión 401 p. :
Otras características físicas il. col. y n., fot., gráf., mapas ;
Dimensiones 25 cm.
490 1# - MENCIÓN DE SERIE
Mención de serie Ciencias, humanidades e ingeniería ;
Designación de volumen o secuencia 91
500 ## - NOTA GENERAL
Nota general Índices.
504 ## - NOTA DE BIBLIOGRAFÍA, ETC.
Nota de bibliografía, etc. Bibliografía: p. [379-]-395.
610 27 - PUNTO DE ACCESO ADICIONAL DE MATERIA--NOMBRE DE ENTIDAD CORPORATIVA
Nombre de entidad corporativa o nombre de jurisdicción como elemento de entrada Saltos del Sil (Madrid)-
Subdivisión de forma Historia.
9 (RLIN) 149036
650 ## - PUNTO DE ACCESO ADICIONAL DE MATERIA--TÉRMINO DE MATERIA
Término de materia o nombre geográfico como elemento de entrada Obras hidráulicas-
Subdivisión geográfica España.
9 (RLIN) 15673
710 1# - ENTRADA AGREGADA--NOMBRE DE ENTIDAD CORPORATIVA
Nombre de entidad corporativa o nombre de jurisdicción como elemento de entrada Orense (Provincia).
Unidad subordinada Diputación Provincial.
9 (RLIN) 6050
710 2# - ENTRADA AGREGADA--NOMBRE DE ENTIDAD CORPORATIVA
Nombre de entidad corporativa o nombre de jurisdicción como elemento de entrada Colegio de Ingenieros de Caminos, Canales y Puertos.
9 (RLIN) 139226
830 00 - PUNTO DE ACCESO ADICIONAL DE SERIE-TÍTULO UNIFORME
Título uniforme Colección de ciencias, humanidades e ingeniería
Designación de volumen o secuencia 91
9 (RLIN) 186492
852 ## - LOCALIZACIÓN
Ubicación ES-MaACL
Número de control de estantería A-11853
itemnumber 186619
Sublocalización o colección R.146745
Ubicación en estantería Depósito 1
Signatura antigua Olim: N-4858
942 ## - ELEMENTOS DE ENTRADA SECUNDARIOS (KOHA)
Fuente del sistema de clasificación o colocación Clasificación decimal universal
Tipo de ítem Koha Libro impreso
Holdings
Estatus retirado Estado de pérdida Fuente del sistema de clasificación o colocación Estado de daño No para préstamo Biblioteca de origen Biblioteca actual Ubicación en estantería Fecha de adquisición Fuente de adquisición Total de préstamos Signatura topográfica completa Código de barras Visto por última vez Precio de reemplazo Tipo de ítem Koha
    Clasificación decimal universal     Biblioteca del Ateneo de Madrid Biblioteca del Ateneo de Madrid Sala Pecera Depósito 1 12/01/2012 Donación   A-11853 1188799 23/02/2023 23/02/2023 Libro impreso